000 02125Cam#a2200421#a#4500
005 20220224182328.0
008 160629s2013 ag abdoj#f #000|0#spa#d
020 _a9789877311259
040 _aAR-BeUNQ
_bspa
082 0 4 _a907
_221
245 0 0 _aCiencias sociales.
_cproyecto didáctico de Ediciones SM Argentina ; dirección editorial, Silvia Lanteri ; con la colaboración de Marcelo N. Musa, Norma I. Vallejo y Marta I. Jürgensen
_n1 /
250 _aEd. actualizada
260 _aBuenos Aires :
_bSM,
_cc2015.
300 _a271 p. :
_bil., fot., gráficos ;
_c27 cm +
_e1 planisferio político
504 _aIncluye referencias bibliográficas.
505 0 _aBloque 1. La geografía como ciencia social -- bloque 2. El mundo globalizado en que vivimos -- bloque 3. La historia como ciencia social -- bloque 4. Los comienzos de la humanidad -- bloque 5. Los comienzos del desarrollo agrícola -- bloque 6. La formación del occidente europeo
650 7 _aCiencias sociales
_2toit
650 7 _aHistoria
_2spines
650 7 _aPrehistoria
_2spines
650 7 _aHistoria antigua
_2spines
650 7 _aHistoria medieval
_2spines
650 7 _aGeografía
_2spines
650 7 _aGeografía política
_2spines
650 7 _aGeografía física
_2spines
650 7 _aManuales
_2spines
650 7 _aEnseñanza media
_2spines
700 1 _aLanteri, Silvia,
_edirectora
_4drt
700 1 _aMusa, Marcelo N.,
_eautora.
_4aut
700 1 _aVallejo, Norma I.,
_eeditor.
_4edt
700 1 _aJürgensen, Marta I.,
_eeditora
_4edt
830 0 _aConecta 2.0 (SM).
929 _aCOMPRA
_bEl Monje Libros
_cCompra 2015 Exp. 827-2158/15
_d184,50
_e20151229
_fPAT0063053
_j54678
929 _aCOMPRA
_bEl Monje Libros
_cCompra 2015 Exp. 827-2158/15
_d184,50
_e20151229
_fPAT0063054
_j54679
929 _aCOMPRA
_bEl Monje Libros
_cCompra 2015 Exp. 827-2158/15
_d184,50
_e20151229
_fPAT0063055
_j54680
929 _aCOMPRA
_bEl Monje Libros
_cCompra 2015 Exp. 827-2158/15
_d184,50
_e20151229
_fPAT0063056
_j54681
929 _aCOMPRA
_bEl Monje Libros
_cCompra 2015 Exp. 827-2158/15
_d184,50
_e20151229
_fPAT0063057
_j54682
942 _cLIB
_n0
999 _c112
_d112